| 000 | 01669nam a22002537a 4500 | ||
|---|---|---|---|
| 005 | 20120208115843.0 | ||
| 008 | 120208s2009 ua|||||r||||o00| 0 ara d | ||
| 082 |
_222 _a344.074 _bب ك ر |
||
| 100 |
_928697 _aبكري، عادل عبدالتواب |
||
| 245 |
_aقانون تنظيم الجامعات ولائحته التنفيذية وفقا لآخر التعديلات / _cاعداد ومراجعة عادل عبدالتواب بكري، ثروت سعد زغلول. |
||
| 250 | _aط. 28. | ||
| 260 |
_aالقاهرة : _bوزارة التجارة والصناعة، _c2009. |
||
| 300 |
_a495 ص. ؛ _c24 سم. |
||
| 504 | _aيشتمل على ارجاعات ببليوجرافية | ||
| 650 |
_926837 _aالجامعات والكليات _zمصر |
||
| 650 |
_928698 _aالجامعات والكليات _xقوانين وتشريعات |
||
| 653 |
_bAra _cFebruary2011 |
||
| 700 |
_928699 _aزغلول، ثروت سعد |
||
| 942 |
_2ddc _cBB |
||
| 999 |
_c16413 _d16413 |
||